000
00195nam a2200073Ia 4500
008
170524s9999 xx 000 0 und d
100
_a
HILL- CHARLES W
245
0
_a
Principles of Management
260
_b
TATA MCGRAW HILL NEW DELHI
999
_c
8505
_d
8505